| Tag |
First Indicator |
Second Indicator |
Subfields |
| LEADER |
00000cam a2200000 a 4500 |
| 001 |
in00000516331 |
| 005 |
20151013083358.0 |
| 008 |
800808s1979 wau 00011 eng d |
| 020 |
|
|
|a 0898750040
|
| 035 |
|
|
|a (OCoLC)06597747
|
| 035 |
|
|
|9 ACF3937AM
|
| 040 |
|
|
|a LSL
|c LSL
|d TXA
|d UtOrBLW
|
| 041 |
1 |
|
|a eng
|a rus
|
| 049 |
|
|
|a TXAM
|c [1658731]
|a TXAS [scif]
|c 2
|
| 090 |
|
|
|a PG3470.T7856
|b S3 1979
|
| 092 |
|
|
|a 891.7
|b TSi
|
| 100 |
1 |
|
|a T︠S︡iolkovskiĭ, K.
|q (Konstantin),
|d 1857-1935.
|
| 245 |
1 |
4 |
|a The science fiction of Konstantin Tsiolkovsky /
|c introduced and edited by Adam Starchild.
|
| 264 |
|
1 |
|a Seattle :
|b University Press of the Pacific;
|c [date of publication not identified]
|
| 264 |
|
2 |
|a Forest Grove, Ore :
|b Distributed by International Scholarly Book Service, c1979.
|
| 300 |
|
|
|a 454 pages ;
|c 23 cm.
|
| 336 |
|
|
|a text
|b txt
|2 rdacontent
|
| 337 |
|
|
|a unmediated
|b n
|2 rdamedia
|
| 338 |
|
|
|a volume
|b nc
|2 rdacarrier
|
| 999 |
|
|
|a MARS
|
| 999 |
f |
f |
|s c2f12545-999e-3ffb-b5eb-5527450d4618
|i 3af68045-1dc1-3751-bacf-8eeb795ac9b0
|t 0
|
| 952 |
f |
f |
|p ric
|a Texas A&M University
|b Rellis Campus
|c Joint Library Facility
|s JLF
|d Remote Storage
|t 0
|e PG3470.T7856 S3 1979
|h Library of Congress classification
|i unmediated -- volume
|m A14807991259
|
| 952 |
f |
f |
|p noncirc
|a Texas A&M University
|b College Station
|c Cushing Memorial Library & Archives
|s cush scif
|d Cushing: Science Fiction (Does not check out)
|t 0
|e PG3470.T7856 S3 1979
|h Library of Congress classification
|i unmediated -- volume
|
| 998 |
f |
f |
|a PG3470.T7856 S3 1979
|t 0
|l Remote Storage
|
| 998 |
f |
f |
|a PG3470.T7856 S3 1979
|t 0
|l Cushing: Science Fiction (Does not check out)
|